00721cam a22002057a 4500003000500000005001700005008004100022010001000063011001000073035001000083040000900093100002900102245018600131260007400317300001000391650002100401650002300422650002300445650004700468CHAP20220329142342.0000912d199? mx r 00110 spa d a82209 a83181 a93692 cCHAP00aJuárez, Jaime,ecoord.10aRecomendaciones técnicas para la producción de frijol y maíz bajo condiciones de temporal en el ejido de Juan Aldama, Zac. para el ciclo p.v. 98/99c/coord. por Jaime Juárez aMéxico, D.F. :bPrograma Elemental de Asistencia Técnicac[199?]. a39 p.14aAyuda técnica.14aFrijolzZacatecas.14aMaízzZacatecas.14aProgramas de capacitaciónxEvaluación.